000 01636nam a2200241Ia 4500
008 260220t1968||||xx |||||||||||||| ||spa||
040 _aPY-SlUNAC
_bspa
_erda
041 _aspa
082 _a128
_bM337t
100 _aMarias, Julian
_eAutor
245 0 _aEl tema del hombre /
_cpor Julian Marias [Autor]
264 _aMadrid :
_bEspasa-Calpe,
_c℗1968.
300 _a1 volumen
520 _aEn "El tema del hombre", Julián Marías explora la esencia de la condición humana a través de un enfoque filosófico y antropológico. El autor reflexiona sobre la identidad, la libertad y la relación del individuo con su entorno, destacando la importancia de la historia y la cultura en la configuración del ser humano. Marías se adentra en el análisis de la subjetividad, proponiendo que el ser humano es un ente en constante búsqueda de sentido y conexión con los demás. A lo largo de su obra, el autor critica las perspectivas reduccionistas que despojan al hombre de su complejidad, abogando por una comprensión más integral que contemple tanto las dimensiones racionales como las emocionales y sociales. La obra, rica en referencias filosóficas y literarias, invita a los lectores a una profunda reflexión sobre su propia existencia y el papel que desempeñan en el mundo, consolidando así a Marías como una figura clave en la filosofía contemporánea española.
653 _aAntropología
653 _aFilosofía
653 _aSociología
942 _b2026/02/17
_cBK
999 _c6725
_d6725